Innovación en gestión de eventos organizacionales / (Registro nro. 6177)
[ vista simple ]
| 000 -LEADER | |
|---|---|
| fixed length control field | 01479nam a2200289Ia 4500 |
| 003 - CONTROL NUMBER IDENTIFIER | |
| control field | OSt |
| 005 - DATE AND TIME OF LATEST TRANSACTION | |
| control field | 20201029113159.0 |
| 008 - FIXED-LENGTH DATA ELEMENTS--GENERAL INFORMATION | |
| fixed length control field | 191128s2011 ck a gr 000 0dspa d |
| 020 ## - INTERNATIONAL STANDARD BOOK NUMBER | |
| International Standard Book Number | 9789586487245 |
| 040 ## - CATALOGING SOURCE | |
| Original cataloging agency | CO-JMCR |
| Transcribing agency | CO-JMCR |
| 041 0# - LANGUAGE CODE | |
| Language code of text/sound track or separate title | spa |
| 082 04 - DEWEY DECIMAL CLASSIFICATION NUMBER | |
| Classification number | 658.456 / |
| Item number | R153i |
| Edition number | 23 |
| 100 1# - MAIN ENTRY--PERSONAL NAME | |
| Personal name | Ramírez Salazar, María del Pilar, |
| Relator term | autora |
| 9 (RLIN) | 12189 |
| 245 10 - TITLE STATEMENT | |
| Title | Innovación en gestión de eventos organizacionales / |
| Statement of responsibility, etc. | María del Pilar Ramírez Salazar |
| 250 ## - EDITION STATEMENT | |
| Edition statement | Primera edición |
| 260 ## - PUBLICATION, DISTRIBUTION, ETC. | |
| Place of publication, distribution, etc. | Bogotá : |
| Name of publisher, distributor, etc. | Ecoe, |
| Date of publication, distribution, etc. | 2011 |
| 300 ## - PHYSICAL DESCRIPTION | |
| Extent | 99 páginas : |
| Other physical details | ilustraciones a blanco y negro ; |
| Dimensions | 21 cm. |
| 490 0# - SERIES STATEMENT | |
| Series statement | Ciencias Administrativas. Administración |
| 500 ## - GENERAL NOTE | |
| General note | Incluye datos biográficos del autor en solapa. |
| 504 ## - BIBLIOGRAPHY, ETC. NOTE | |
| Bibliography, etc. note | Bibliografía: páginas 97-99 |
| 505 0# - FORMATTED CONTENTS NOTE | |
| Formatted contents note | Campo estratégico de gestión conceptual y estructural -- Campo estratégico de gestión logística y técnica -- Campo estratégico de gestión, protocolo y servicio -- Campo estratégico de gestión de construcción y transferencia de conocimiento |
| 520 3# - SUMMARY, ETC. | |
| Summary, etc. | Los mejores espacios para el fortalecimiento del capital relacional de una organización sin duda alguna son aquellos en donde se sale de la rutina de la empresa y se desarrollan actividades académicas, lúdicas y sociales en torno a un objetivo específico. |
| 650 14 - SUBJECT ADDED ENTRY--TOPICAL TERM | |
| Topical term or geographic name entry element | Organización de eventos |
| 9 (RLIN) | 12190 |
| 650 14 - SUBJECT ADDED ENTRY--TOPICAL TERM | |
| Topical term or geographic name entry element | Promoción de eventos especiales |
| 9 (RLIN) | 12191 |
| 650 24 - SUBJECT ADDED ENTRY--TOPICAL TERM | |
| Topical term or geographic name entry element | Reuniones de personal |
| 9 (RLIN) | 12192 |
| 942 ## - ADDED ENTRY ELEMENTS (KOHA) | |
| Source of classification or shelving scheme | Dewey Decimal Classification |
| Koha item type | Books |
| Withdrawn status | Lost status | Source of classification or shelving scheme | Damaged status | Not for loan | Collection code | Home library | Current library | Date acquired | Source of acquisition | Total Checkouts | Full call number | Barcode | Date last seen | Date last checked out | Copy number | Koha item type |
|---|---|---|---|---|---|---|---|---|---|---|---|---|---|---|---|---|
| Dewey Decimal Classification | Non-fiction | Biblioteca Pública José María del Castillo y Rada | Biblioteca Pública José María del Castillo y Rada | 04/15/2018 | Donación | 1 | 658.456 / R153i | 430012125 | 08/06/2025 | 08/05/2025 | Ej.1 | Books |